000 00349nam a2200121Ia 4500
008 200619s9999 xx 000 0 und d
020 _a9800000000000
100 _aSennett Richard, Cobb Jonathan
245 4 _aThe Hidden Injuries of Class
264 _bWW. Norton & Company
942 _cIR
999 _c120293
_d120293